| 000 -NÁVESTIE |
| fixed length control field |
01225cam a2200325 a 4500 |
| 001 - EVIDENČNÉ ČÍSLO ZÁZNAMU - Kontrolné číslo |
| control field |
nkc20081745544 |
| 005 - DÁTUM A ČAS POSLEDNEJ TRANSAKCIE |
| control field |
20250926100544.0 |
| 007 - POLE PEVNEJ DĹŽKY PRE FYZICKÝ POPIS – VŠEOBECNE |
| fixed length control field |
ta |
| 008 - ÚDAJE S PEVNOU DĹŽKOU – VŠEOBECNÉ INFORMÁCIE |
| fixed length control field |
080318s2008 xr a e f 000 0 cze |
| 020 ## - MEDZINÁRODNÉ ŠTANDARDNÉ ČÍSLO KNIHY (ISBN) |
| Medzinárodné štandardné číslo knihy (ISBN) |
9788086936079 |
| Qualifying information |
(váz.) |
| 035 ## - Iný štandardný identifikátor |
| Iný štandardný identifikátor |
(OCoLC)432991169 |
| 040 ## - ZDROJ KATALOGIZÁCIE |
| Pôvodná katalogizujúca agentúra |
KLG001 |
| Jazyk katalogizácie |
cze |
| Modifikujúca agentúra |
BOA001 |
| -- |
ABA001 |
| Prepisujúca agentúra |
sk |
| 072 #7 - KÓD PREDMETOVEJ KATEGÓRIE |
| Kód predmetovej kategórie |
615.8 |
| Pododdiel kódu predmetovej kategórie |
Fyzioterapie. Psychoterapie. Alternativní lékařství |
| Zdroj |
Konspekt |
| 080 ## - ČÍSLO MEDZINÁRODNÉHO DESATINNÉHO TRIEDENIA (MDT) |
| Číslo Medzinárodného desatinného triedenia (MDT) |
615.362.015.32 |
| Identifikátor vydania |
MRF |
| 080 ## - ČÍSLO MEDZINÁRODNÉHO DESATINNÉHO TRIEDENIA (MDT) |
| Číslo Medzinárodného desatinného triedenia (MDT) |
615.8-022.214 |
| Identifikátor vydania |
MRF |
| 080 ## - ČÍSLO MEDZINÁRODNÉHO DESATINNÉHO TRIEDENIA (MDT) |
| Číslo Medzinárodného desatinného triedenia (MDT) |
(035) |
| Identifikátor vydania |
MRF |
| 100 1# - OSOBNÉ MENÁ – VŠEOBECNÉ INFORMÁCIE |
| Osobné meno |
Čehovský, Jiří, |
| Dátumy súvisiace s menom |
1947- |
| Kód roly |
aut |
| -- |
4837 |
| 245 10 - NÁZOV |
| Názov |
Autopatie : |
| Zvyšok názvu |
cesta k tělesné a duševní harmonii / |
| Údaj o zodpovednosti atď. |
Jiří Čehovský |
| 246 1# - INÁ FORMA NÁZVU |
| Zobrazovaný text |
Název na rubu tit. s.: |
| Hlavný názov/skrátený názov |
Autopatie, cesta k tělesné a duševní harmonii |
| 250 ## - ÚDAJ O PORADÍ VYDANIA |
| Údaj o poradí vydania |
2., dopl. vyd. |
| 260 ## - VYDAVATEĽSKÉ ÚDAJE, DISTRIBÚCIA ATĎ. |
| Miesto publikovania, distribúcie atď. |
Praha : |
| Názov vydavateľa, distibútora atď. |
Alternativa, |
| Dátum publikovania, distribúcie atď. |
2008 |
| 300 ## - FYZICKÝ POPIS |
| Rozsah |
159 s. : |
| Ďalšie fyzické detaily |
il. ; |
| Rozmery |
21 cm |
| 650 07 - PRIDANÝ VSTUP – PREDMET – TEMATICKÉ HESLO |
| Tematické heslo alebo geografický názov ako vstupný prvok |
autopatie |
| Zdroj hesla alebo termínu |
czenas |
| -- |
4838 |
| 650 07 - PRIDANÝ VSTUP – PREDMET – TEMATICKÉ HESLO |
| Tematické heslo alebo geografický názov ako vstupný prvok |
autoterapie |
| Zdroj hesla alebo termínu |
czenas |
| -- |
4839 |
| 650 09 - PRIDANÝ VSTUP – PREDMET – TEMATICKÉ HESLO |
| Tematické heslo alebo geografický názov ako vstupný prvok |
autopathy |
| Zdroj hesla alebo termínu |
eczenas |
| -- |
4840 |
| 650 09 - PRIDANÝ VSTUP – PREDMET – TEMATICKÉ HESLO |
| Tematické heslo alebo geografický názov ako vstupný prvok |
autotherapy |
| Zdroj hesla alebo termínu |
eczenas |
| -- |
4841 |
| 655 #7 - INDEXAČNÝ TERMÍN – ŽÁNER/FORMA |
| Údaje o žánri/forme alebo termín, ktorý je prvok fazety |
příručky |
| Zdroj termínu |
czenas |
| -- |
1541 |
| 655 #9 - INDEXAČNÝ TERMÍN – ŽÁNER/FORMA |
| Údaje o žánri/forme alebo termín, ktorý je prvok fazety |
handbooks and manuals |
| Zdroj termínu |
eczenas |
| -- |
4354 |
| 856 41 - ELEKTRONICKÁ LOKÁCIA A PRÍSTUP |
| Uniformný identifikátor zdroja |
<a href="http://www.digitalniknihovna.cz/mzk/uuid/uuid:4ba4a640-dc21-11e3-b110-005056827e51">http://www.digitalniknihovna.cz/mzk/uuid/uuid:4ba4a640-dc21-11e3-b110-005056827e51</a> |
| Text prepojenia |
Digitalizovaný dokument |